000
00279nam a22001217a 4500
008
180906b xxu||||| |||| 00| 0 eng d
041
_a
eng
080
_a
616.12
100
_a
9
101
_a
KAR
245
_a
Workshop In Electrocardiography
_c
Marriott.H.J.L
942
_2
udc
_c
BK
999
_c
47586
_d
47586